000 02805nam0a22004331 4500
001 RU\NLR\A1\10162
005 20260407102336.0
035 _a(NLR Aleph) 009673602
090 _a9672946
_c9672946
100 _a20260119 rusy50
101 0 _arus
102 _aRU
135 _acrmn mmmanaba
140 _ay y aayaa0000
200 1 _aСтихи поздравительные на благополучное возвращение из Новагорода в Санктпетербург.
_fСвятейшаго правительствующаго синода члену преосвященнейшему Гавриилу архиепископу Новгородскому, Санктпетербургскому и Троицкаго Александроневскаго монастыря архимандриту. В знак искреннейшей благодарности поднесенные от всенижайшаго слуги Якова Кантаровского.
210 _aПечатаны в Санктпетербурге
_c[Тип. Морск. кад. корпуса]
_d1776 года июля 25 дня.
215 _a[4] c.
_d
316 _aЭкз. РНБ (18.154.1.185) в бумаж. обложке. На 1-й и 2-й с. обл. ярлыки с шифром РНБ. На 4 с. обл. экслибрис РКФ (рус. книж. фонд) РНБ с шифром.
_5NLR: 18.154.1.185
321 1 _aСК XVIII 2785
321 1 _aСК XVIII. Т.5. С.297
325 1 _aКопия доступна в электронной библиотеке РНБ
620 _dСанкт-Петербург
700 1 _4070
_7ca
_8rus
_aКантаровский
_bЯ. И.
_gЯков Иванович
_9207694
_3RU\NLR\AUTH\770207747
702 0 _aГавриил
_cШапошников, Петр Петрович
_f1730-1801
_4420
712 0 2 _4610
_aМорской кадетский корпус
_cПетербург
_bТипография
_3RU\NLR\AUTH\889930200
_9355962
801 0 _aRU
_bNLR
_c19970813
852 _aNLR
_bМФ
_jК-1/30390
852 _aNLR
_j18.154.1.185
856 0 _uhttp://vivaldi.nlr.ru/bx000013614/view
856 1 _uhttp://vivaldi.nlr.ru/bx000013614/cover
856 2 _uhttp://vivaldi.nlr.ru/bx000013614/text
901 _eКнижные издания
942 _cBOOK
980 _aNB
980 _aNOVG
980 _aA1XVIIIv
981 2 0 _a(20) Книжные памятники РНБ
_b(20) Русский книжный фонд
981 2 2 _a(22) Материалы по истории России
_b(22) История России до 25 октября (7 ноября) 1917 года
_bКультура. Наука. Просвещение.